| 000 | 00368nam a2200145Ia 4500 | ||
|---|---|---|---|
| 008 | 150301s2014 xx 000 0 und d | ||
| 082 |
_a616.5 _bA14S |
||
| 100 | _aSARKAR, RASHMI | ||
| 245 | _aADVANCES IN PEDIATRIC DERMATOLOGY - 2 NEONATAL DERMATOLOGY | ||
| 250 | _a1ST | ||
| 260 |
_bJAYPEE _aDELHI _c2014 |
||
| 300 | _a251 | ||
| 650 | _aDERMATOLOGY | ||
| 942 |
_2ddc _cBK |
||
| 999 |
_c6626 _d6626 |
||